| 000 | 00742nam a2200205 a 4500 | ||
|---|---|---|---|
| 001 | 000034968 | ||
| 005 | 20240510073817.0 | ||
| 008 | 111024s1959 ve 000 0 spa d | ||
| 040 |
_aDO-SdBNP _bspa _cBNPHU |
||
| 082 |
_a100 _bG216e |
||
| 100 | 1 |
_aGarcía Bacca, Juan David, _d1901-1992 _923629 |
|
| 245 | 1 | 0 |
_aElementos de filosofía / _cJuan David García Bacca. |
| 260 |
_aCaracas : _bUniversidad Central de Venezuela, _c1959. |
||
| 300 |
_a130 p. ; _c17 cm. |
||
| 490 | 0 |
_aBiblioteca de cultura universitaria ; _v1 |
|
| 590 | _aPerteneció a la biblioteca personal de Juan Isidro Jimenes Grullón | ||
| 650 | 2 | 0 |
_aFilosofía _9813 |
| 830 | 0 |
_aBiblioteca de cultura universitaria ; _n1 _960563 |
|
| 910 | _aValidado. Control de calidad MFF | ||
| 999 |
_c34459 _d34459 |
||